000 00535nam a2200169 a 4500
005 20140412111314.0
008 010417s19uu xx 00 eng d
020 _a0-906279-85-2
050 _aM 512.2
_bS814 1991
100 _aSteele, Philip
245 _aCounting and numbers /
_cby Philip Steele; illustrations by Pamela Storey; educational adviser Betty Root.
260 _aLondon :
_bWHSmith Exclusive Books,
_c1984.
300 _a24p. ; ill.
440 _aJunior Helpers (3-5 year olds)
650 _aTitle.
999 _c104169
_d104169